| 000 | 01160nam a2200229 a 4500 | ||
|---|---|---|---|
| 001 | 57332 | ||
| 005 | 20180714053456.0 | ||
| 008 | 140415s1991 mx 000 0 spa d | ||
| 020 | _a9681632621 | ||
| 041 | _aspa | ||
| 082 |
_a551.609 _bLER |
||
| 100 | 1 | _aLE ROY LADURIE, AMMANUEL | |
| 245 | 1 | 0 | _aHISTORIA DEL CLIMA DESDE EL AÑO MIL. |
| 250 | _a1a ed. | ||
| 260 |
_aMEXICO : _bFONDO DE CULTURA ECONOMICA, _c1991. |
||
| 300 |
_a241 ; _c13.6 x 2.5 x 20.9. |
||
| 490 | _aSECCION DE OBRAS DE HISTORIA | ||
| 520 | _aDURANTE MUCHOS AÑOS, A ROMA LLEGABAN LOS DIEZMOS PAGADOS POR LAS FLORECIENTES IGLESIAS DE GREOENLAIDA: MARFIL DE MORSA, COLMILLOS DE NARVAL Y PIELES DE BUEY Y FOCA. HACIA EL SIGLO XII INCLUSO SE AUTORIZO LA CONSTRUCCION DE UNA CATEDRAL EN GARDAR. PERO PARA FINES DEL SIGLO XV TODOS LOS POBLADORES VIKINGOS DE GREOENLANDIA HABIAN DESAPARECIDO. LO QUE OCURRIO FUE UN ENFRIAMIENTO EN EL CLIMA QUE IMPIDIO LOS CULTIVOS Y BLOQUEO LOS PUERTOS CON HIELO DURANTE CASI TODO EL AÑO. A ESTO SE LE LLA | ||
| 650 | 1 | 4 |
_aCLIMATOLOGIA _xHISTORIA |
| 700 | 1 |
_aLOPEZ BELTRAN, CARLOS _etr. |
|
| 740 | 0 | _aHISTOIRE DU CLIMAT DEPUIS L AN MIL | |
| 999 |
_c57332 _d57332 |
||